| 000 | 00655nam a2200253 a 4500 | ||
|---|---|---|---|
| 005 | 20230331130740.0 | ||
| 008 | 991125n 000 0 spa u | ||
| 035 | _aUPN01000103748 | ||
| 040 |
_aUPN _bspa _cUPN |
||
| 100 | 1 | _aMarini, Ruy Mauro | |
| 222 | 0 | _aREVISTA DE LA EDUCACION SUPERIOR | |
| 245 | 0 | 3 | _aLa universidad brasileña |
| 260 | _aMéxico | ||
| 300 | _a48-73 | ||
| 362 | 0 | _a1977 Vol. 6, no. 2(22), abr.-jun. | |
| 653 | 0 | _aBRASIL | |
| 653 | 0 | _aEDUCACION SUPERIOR | |
| 653 | 0 | _aHISTORIA | |
| 653 | 0 | _aUNIVERSIDADES | |
| 700 | 1 |
_aSpeller, Paulo _ecoaut. _944232 |
|
| 904 |
_aAC _b041559 |
||
| 905 | _aArticulo | ||
| 942 |
_2lcc _cART |
||
| 999 |
_c78713 _d78713 |
||